00856nam a22002177a 450000500170000001000150001702000260003203500140005803700090007203700090008108200110009024500670010125000060016826000410017427000880021530000190030394200220032299900190034495201500036395201250051320250806143850.0 aENG-146417 a9789361590825c565.00 aEN-129949 bDBAD bDBAD a00021 aNTA CUET UG 2025:bEnglish Language and General Aptitude Test/ a1 aNoidabPearson India Educationc2025 a15th Floor, Towe-B, World Trade Tower, Plot No.1, Block-C, Sector-16bNoidae201301 avpp.c23cm(pb) 2ddccENh000mENG c212176d212176 001040708NFICaMbMd2025-07-07eDelivery of Books Act Divisiong710.00l0o000 ENGpEN-129286r2025-07-07 00:00:00t1v710.00w2025-07-07yEN 001040708NFICaMbMd2025-08-06eDBADg565.00l0o000 ENGpEN-129949r2025-08-06 00:00:00t 1v565.00w2025-08-06yEN